00508nam a22001577a 450000500170000001000150001702000260003203500140005803700090007208200080008110000250008924500590011426000440017327001130021730000200033020220321124605.0 aENG-132037 a9789385471056c150.00 aEN-115569 bDBAD a480 aKrishnamoorthy, C.N. aA Modern Guide to Spoken English/cC.N. Krishnamoorthy aChennaibUnique Media Integratorsc2017 aNo. 8, 6th Cross, 8th Main Road, Vaishanavi Nagar, ThirmullaivoyalbChennaie600109mumi.infobooks@gmail.com a208pc21cm(pbk)